[Event "Capablanca Memorial op-B 48th"]
[Site "Havana"]
[Date "2013.04.21"]
[Round "1"]
[White "Riera Mestres, Josep"]
[Black "Caballero Rigual, Edis Alberto"]
[Result "1/2-1/2"]
[WhiteElo "1521"]
[BlackElo "2065"]
[PlyCount "59"]
[EventDate "2013.04.21"]
[EventType "swiss"]
[EventRounds "9"]
[EventCountry "CUB"]
[SourceTitle "CBM 154 Extra"]
[Source "ChessBase"]
[SourceDate "2013.06.25"]
[SourceVersion "2"]
[SourceVersionDate "2013.06.25"]
[SourceQuality "1"]

1. d4 Nf6 2. c4 g6 3. Nc3 d5 4. cxd5 Nxd5 5. e4 Nxc3 6. bxc3 Bg7 7. Bc4 0-0 8. Be3 c5 9. Ne2 Nc6 10. a4 cxd4 11. cxd4 Qd6 12. 0-0 Na5 13. Ba2 b6 14. e5 Qd8 15. Qd2 Ba6 16. Rfc1 Rc8 17. Rxc8 Qxc8 18. Rc1 Qd7 19. Nc3 e6 20. Qd1 Kh8 21. Ne4 Bb7 22. Nd6 Bc6 23. Qc2 f6 24. f4 fxe5 25. fxe5 Bd5 26. Bxd5 exd5 27. Nb5 Nc4 28. Qd3 Qg4 29. Nc7 Qd7 30. Nb5 1/2-1/2